Un mes de gobierno: entre la crisis y las presiones externas /

Zapisane w:
Opis bibliograficzny
1. autor: Morales G., Abelardo
Format: Texto
Etykiety: Dodaj etykietę
Nie ma etykietki, Dołącz pierwszą etykiete!

MARC

LEADER 00000 a a2200000 04500
001 1754
003
040
100 |a Morales G., Abelardo  
245 |a Un mes de gobierno:   |b entre la crisis y las presiones externas /  |c Abelardo Morales G. 
773 |g volumen 5, número 29; páginas 3-5  
999 |c 31947  |d 31947